000 00677nam a2200169Ia 4500
008 090711s9999 xx 000 0 und d
082 _b62717
100 _aबेडेकर मालतीबाई
245 _aकर्णावती ( हिन्दुराष्ट्र दर्शन )
260 _c1937
300 _a284
600 _aबेडेकर मालतीबाई
630 _aकर्णावती ( हिन्दुराष्ट्र दर्शन )
700 _aबेडेकर मालतीबाई
730 _aकर्णावती ( हिन्दुराष्ट्र दर्शन )
942 _cBOOK
999 _c294554
_d294554